000 00361nam a2200133Ia 4500
008 151001s9999||||xx |||||||||||||| ||und||
100 _aहरी नारायण आपटे
245 _aपण लक्षात कोण घेता
250 _a3
260 _bअ वि पटवर्धन
260 _c1927
300 _a352
365 _b8.5
999 _c948372
_d948369